Statistics for All South American Countries

Click here to take the quiz!

General Stats

  • This quiz has been taken 46 times
  • The average score is 12 of 12

Answer Stats

Answer% Correct
Argentina
100%
Brazil
100%
Chile
100%
Colombia
100%
Uruguay
100%
Venezuela
100%
Bolivia
98%
Ecuador
98%
Guyana
98%
Paraguay
98%
Peru
98%
Suriname
95%

Score Distribution

Percentile by Number Answered

Percent of People with Each Score

Your Score History

You have not taken this quiz